| 000 | 01041nam a22003017a 4500 | ||
|---|---|---|---|
| 001 | 7755 | ||
| 003 | FISKH | ||
| 005 | 20250820093123.0 | ||
| 008 | 250805b cb ||||| |||| 00| 0 eng d | ||
| 020 | _a9780618250776 | ||
| 040 |
_aDLC _cDLC _dDLC _beng |
||
| 050 | _aPZ8.P558676 R | ||
| 082 | _a 513 | ||
| 100 | 1 |
_aPinczes, Elinor J _d (–2021) |
|
| 245 | 1 | 2 |
_aA remainder of one / _cBy Elinor J. Pinczes ; illustrated by Bonnie MacKain. |
| 250 | _aThis edition first published in 1995 | ||
| 260 |
_aNew York : _bHoughton Mifflin, _c1995. |
||
| 300 |
_a30 unnumberpages : _bcolor illustrations ; _c21 x 23 cm |
||
| 505 | _aP | ||
| 520 | _aWhen the queen of the bugs demands that her army march in even lines, Private Joe divides the marchers into more and more lines so that he will not be left out of the parade. | ||
| 521 | 8 |
_a640
_bLexile |
|
| 521 | 8 |
_aP
_bRaz-Plus |
|
| 650 | 1 |
_aInsects _xFiction. |
|
| 650 | 1 |
_aDivision _xFiction. |
|
| 700 | 1 |
_aMacKain, Bonnie, _eillustrator |
|
| 942 |
_2ddc _cBK _n0 |
||
| 999 |
_c7755 _d7755 |
||